[Event "Bogota Kallpa op"]
[Site "Bogota"]
[Date "2025.06.28"]
[Round "3"]
[White "Guevara Rincon, Cristian Camilo"]
[Black "Cantor Pardo, Antonio"]
[Result "1-0"]
[WhiteElo "1818"]
[BlackElo "1446"]
[PlyCount "46"]
[EventDate "2025.06.25"]
[EventType "swiss"]
[EventRounds "6"]
[EventCountry "COL"]
[SourceTitle "CB27_2025"]
[SourceDate "2025.07.02"]
[SourceVersion "1"]
[SourceVersionDate "2025.07.02"]
[SourceQuality "1"]

1. e4 c6 2. d4 d5 3. exd5 cxd5 4. c4 Nf6 5. Nc3 Bf5 6. Qb3 Nc6 7. cxd5 Na5 8. Qa4+ Bd7 9. Bb5 b6 10. Nf3 a6 11. Bxd7+ Qxd7 12. Qxd7+ Nxd7 13. 0-0 Nc4 14. Re1 Nf6 15. Ne5 Nd6 16. g4 h6 17. Bf4 Nb7 18. Nc4 a5 19. d6 Rc8 20. Nxb6 Rc6 21. Nca4 Nxd6 22. d5 Rc4 23. Bxd6 Rc6 1-0

[Event "Santiago de Cali U2000 op"]
[Site "Cali"]
[Date "2024.12.28"]
[Round "3"]
[White "Rengifo, Carlos Alberto"]
[Black "Cantor Pardo, Antonio"]
[Result "1-0"]
[WhiteElo "1774"]
[BlackElo "1479"]
[PlyCount "29"]
[EventDate "2024.12.27"]
[EventType "swiss"]
[EventRounds "7"]
[EventCountry "COL"]
[SourceTitle "CB01_2025"]
[SourceDate "2025.01.01"]
[SourceVersion "1"]
[SourceVersionDate "2025.01.01"]
[SourceQuality "1"]

1. e4 c6 2. Nf3 d5 3. exd5 cxd5 4. Ne5 Nf6 5. d4 Nbd7 6. Bd3 Nxe5 7. dxe5 Ng4 8. Qe2 d4 9. 0-0 a6 10. h3 Nh6 11. Qf3 g6 12. Bc4 e6 13. c3 dxc3 14. Nxc3 Bd7 15. Qxb7 1-0

[Event "Santiago de Cali U2000 op"]
[Site "Cali"]
[Date "2024.12.27"]
[Round "1"]
[White "Guerra, Alvaro"]
[Black "Cantor Pardo, Antonio"]
[Result "1-0"]
[WhiteElo "1890"]
[BlackElo "1479"]
[PlyCount "41"]
[EventDate "2024.12.27"]
[EventType "swiss"]
[EventRounds "7"]
[EventCountry "COL"]
[SourceTitle "CB01_2025"]
[SourceDate "2025.01.01"]
[SourceVersion "1"]
[SourceVersionDate "2025.01.01"]
[SourceQuality "1"]

1. c4 e6 2. d4 d5 3. Nf3 Nf6 4. g3 Be7 5. Bg2 0-0 6. 0-0 dxc4 7. Ne5 Nbd7 8. Nxc4 c6 9. Nc3 Nd5 10. e4 Nxc3 11. bxc3 c5 12. Bf4 cxd4 13. cxd4 b5 14. Nd6 Ba6 15. e5 Rb8 16. d5 exd5 17. Qxd5 Nb6 18. Qd4 Nc4 19. Qxa7 Rb6 20. Nxc4 bxc4 21. Rfd1 1-0

[Event "Bogota Rapid op"]
[Site "Bogota"]
[Date "2024.12.21"]
[Round "2"]
[White "Cantor Pardo, Antonio"]
[Black "Romero Saenz, Juan Sebastian"]
[Result "0-1"]
[WhiteElo "1576"]
[BlackElo "2030"]
[PlyCount "44"]
[EventDate "2024.12.21"]
[EventType "swiss (rapid)"]
[EventRounds "9"]
[EventCountry "COL"]
[SourceTitle "CB52_2024"]
[SourceDate "2024.12.25"]
[SourceVersion "1"]
[SourceVersionDate "2024.12.25"]
[SourceQuality "1"]

1. d4 Nf6 2. Bf4 d6 3. Nc3 g6 4. e4 Bg7 5. f3 0-0 6. Qd2 c6 7. 0-0-0 b5 8. h4 a5 9. Bh6 a4 10. h5 Qc7 11. hxg6 fxg6 12. d5 b4 13. Nce2 b3 14. cxb3 axb3 15. a3 cxd5+ 16. Nc3 dxe4 17. fxe4 Bg4 18. Bxg7 Kxg7 19. Qh6+ Kg8 20. Re1 Rxa3 21. Kb1 Ra5 22. Nd5 Qc2# 0-1

[Event "Bogota blitz op"]
[Site "Bogota"]
[Date "2024.12.21"]
[Round "1"]
[White "Cantor Pardo, Antonio"]
[Black "Vargas Benavides, Mauricio"]
[Result "0-1"]
[WhiteElo "1615"]
[BlackElo "1974"]
[PlyCount "60"]
[EventDate "2024.12.21"]
[EventType "swiss (blitz)"]
[EventRounds "11"]
[EventCountry "COL"]
[SourceTitle "CB52_2024"]
[SourceDate "2024.12.25"]
[SourceVersion "1"]
[SourceVersionDate "2024.12.25"]
[SourceQuality "1"]

1. d4 Nf6 2. Bf4 d5 3. Nf3 c5 4. c3 Nc6 5. e3 Qb6 6. Qc1 Bf5 7. Nbd2 Rc8 8. Be2 h6 9. h3 e6 10. 0-0 g5 11. Bh2 g4 12. dxc5 Bxc5 13. hxg4 Nxg4 14. Nb3 Nxh2 15. Nxc5 Nxf1 16. Bxf1 Qxc5 17. Be2 Rg8 18. a3 Be4 19. b4 Qf8 20. Qd1 Bxf3 21. Bxf3 Ne5 22. Be2 Qg7 23. g3 Ng4 24. Bxg4 Qxg4 25. Qd2 Qf3 26. Rd1 Rc4 27. Qd3 a6 28. a4 Rh4 29. Qb5+ axb5 30. Rxd5 Rh1# 0-1

[Event "Bogota blitz op"]
[Site "Bogota"]
[Date "2024.12.21"]
[Round "8"]
[White "Labrador Avendano, Angie Jhoana"]
[Black "Cantor Pardo, Antonio"]
[Result "1-0"]
[WhiteElo "1798"]
[BlackElo "1615"]
[PlyCount "81"]
[EventDate "2024.12.21"]
[EventType "swiss (blitz)"]
[EventRounds "11"]
[EventCountry "COL"]
[SourceTitle "CB52_2024"]
[SourceDate "2024.12.25"]
[SourceVersion "1"]
[SourceVersionDate "2024.12.25"]
[SourceQuality "1"]

1. d4 d5 2. Bf4 Nf6 3. Nf3 e6 4. e3 Bd6 5. Bg3 0-0 6. Bd3 b6 7. 0-0 Ba6 8. Nc3 Bxd3 9. Qxd3 c5 10. a4 Nc6 11. Nb5 Bxg3 12. hxg3 Ne4 13. c4 Nb4 14. Qd1 dxc4 15. Ne5 f6 16. Nxc4 cxd4 17. Nxd4 e5 18. Ne6 Qxd1 19. Raxd1 Rfc8 20. Nd6 Nxd6 21. Rxd6 Rc2 22. Rd7 Rxb2 23. Rxg7+ Kh8 24. Rf7 Ra2 25. Rc1 Na6 26. Rc4 Re8 27. Nc7 Rc8 28. Kh2 Rxf2 29. Rc3 Ra2 30. Nb5 Rxc3 31. Nxc3 Ra3 32. Nb5 Rxa4 33. Nxa7 Nc5 34. Nc6 Re4 35. Rxf6 Rxe3 36. Rd6 Nb7 37. Re6 e4 38. Ne7 Nc5 39. Rxb6 Rd3 40. Nf5 e3 41. Rb8+ 1-0

[Event "Bogota Rapid op"]
[Site "Bogota"]
[Date "2024.12.21"]
[Round "5"]
[White "Ladino Hernandez, Angel Joel"]
[Black "Cantor Pardo, Antonio"]
[Result "1-0"]
[WhiteElo "1795"]
[BlackElo "1576"]
[PlyCount "59"]
[EventDate "2024.12.21"]
[EventType "swiss (rapid)"]
[EventRounds "9"]
[EventCountry "COL"]
[SourceTitle "CB52_2024"]
[SourceDate "2024.12.25"]
[SourceVersion "1"]
[SourceVersionDate "2024.12.25"]
[SourceQuality "1"]

1. e4 c5 2. Nf3 d6 3. d4 cxd4 4. Nxd4 Nf6 5. Nc3 g6 6. Be3 Bg7 7. Bc4 0-0 8. Bb3 a6 9. f3 Bd7 10. Qd2 Nc6 11. g4 Nxd4 12. Bxd4 Re8 13. 0-0-0 Rc8 14. h4 h5 15. Bxf6 Bxf6 16. gxh5 Qa5 17. hxg6 e6 18. gxf7+ Kxf7 19. Qxd6 Re7 20. Rhe1 Rc6 21. Qd3 Rxc3 22. bxc3 Bxc3 23. Rd2 Bxd2+ 24. Qxd2 Qa3+ 25. Kb1 Ba4 26. Qf4+ Ke8 27. Rd1 e5 28. Qg5 Bxb3 29. axb3 Rf7 30. Qd8# 1-0

[Event "Bogota rapid op"]
[Site "Bogota"]
[Date "2024.09.01"]
[Round "5"]
[White "Acosta Neira, Jaime"]
[Black "Cantor Pardo, Antonio"]
[Result "0-1"]
[WhiteElo "1678"]
[BlackElo "1535"]
[PlyCount "72"]
[EventDate "2024.09.01"]
[EventType "swiss (rapid)"]
[EventRounds "7"]
[EventCountry "COL"]
[SourceTitle "EXT 2025"]
[Source "ChessBase"]
[SourceDate "2024.10.14"]
[SourceVersion "1"]
[SourceVersionDate "2024.10.14"]
[SourceQuality "1"]

1. c4 e6 2. Nc3 Nf6 3. Nf3 d5 4. cxd5 exd5 5. d4 Be7 6. g3 0-0 7. Bg2 Bg4 8. 0-0 c6 9. Ne5 Be6 10. Re1 Nbd7 11. Nxd7 Qxd7 12. e4 dxe4 13. Nxe4 Rad8 14. Be3 Bd5 15. Nc5 Bxc5 16. dxc5 Qc7 17. Qc1 Rfe8 18. Bg5 Bxg2 19. Kxg2 Rxe1 20. Qxe1 Re8 21. Qc3 Qd8 22. Qc2 Qd5+ 23. Kg1 Qxg5 24. h4 Qe5 25. Qb3 Qxc5 26. Qxb7 Ne4 27. Rf1 Nxg3 28. Qd7 Ne2+ 29. Kh2 Qe5+ 30. Kh3 Nf4+ 31. Kg4 h5+ 32. Kg3 Nd5+ 33. f4 Qe3+ 34. Rf3 Qe1+ 35. Rf2 Qg1+ 36. Kh3 Re3+ 0-1